书目信息 |
| 题名: |
大温差环境下混凝土性能研究
|
|
| 作者: | 时金娜, , 赵燕茹 著 | |
| 分册: | ||
| 出版信息: | 北京 中国建筑工业出版社 2024.11 |
|
| 页数: | X, 176页 | |
| 开本: | 26cm | |
| 丛书名: | ||
| 单 册: | ||
| 中图分类: | TU528 | |
| 科图分类: | ||
| 主题词: | 混凝土--hun ning tu--性能--研究 | |
| 电子资源: | ||
| ISBN: | 978-7-112-30194-2 | |
| 000 | 01312nam0 2200265 450 | |
| 001 | 91717 | |
| 005 | 20250817111245.07 | |
| 010 | @a978-7-112-30194-2@dCNY58.00 | |
| 100 | @a20250103d2024 em y0chiy50 ea | |
| 101 | 0 | @achi |
| 102 | @aCN@b110000 | |
| 105 | @aa a 000yy | |
| 106 | @ar | |
| 200 | 1 | @a大温差环境下混凝土性能研究@Ada wen cha huan jing xia hun ning tu xing neng yan jiu@f时金娜, 赵燕茹著 |
| 210 | @a北京@c中国建筑工业出版社@d2024.11 | |
| 215 | @aX, 176页@c图@d26cm | |
| 314 | @a时金娜, 女, 汉, 1985年5月, 博士, 副教授、硕士生导师, 现为内蒙古工业大学土木工程学院副院长、中国硅酸盐学会固废与生态材料分会学术委员会委员、河海大学土木工程博士后流动站在站博士后。 | |
| 320 | @a有书目 (第156-176页) | |
| 330 | @a全书主要内容包括绪论, 大温差作用下混凝土抗弯性能, 疲劳性能, 微观孔结构演化, 基于灰色系统理论的抗弯和疲劳性能与孔结构关系, 大温差作用下污泥灰混凝土抗压性能, 重金属固化与浸出机理, 基于人工神经网络 (ANN) 的混凝土疲劳寿命, 污泥灰混凝土重金属固化量和抗压强度的预测模型。书中内容采用试验研究、理论分析、微观结构分析等研究方法, 可为开展相关研究提供参考和借鉴。 | |
| 606 | 0 | @a混凝土@Ahun ning tu@x性能@x研究 |
| 690 | @aTU528@v5 | |
| 701 | 0 | @a时金娜,@Ashi jin nuo@f1985-@4著 |
| 701 | 0 | @a赵燕茹@Azhao yan ru@4著 |
| 801 | 0 | @aCN@c20250909 |
| 905 | @a河南城建学院图书馆@dTU528@eS560@f1 | |
| 大温差环境下混凝土性能研究/时金娜, 赵燕茹著.-北京:中国建筑工业出版社,2024.11 |
| X, 176页:图;26cm |
| ISBN 978-7-112-30194-2:CNY58.00 |
| 全书主要内容包括绪论, 大温差作用下混凝土抗弯性能, 疲劳性能, 微观孔结构演化, 基于灰色系统理论的抗弯和疲劳性能与孔结构关系, 大温差作用下污泥灰混凝土抗压性能, 重金属固化与浸出机理, 基于人工神经网络 (ANN) 的混凝土疲劳寿命, 污泥灰混凝土重金属固化量和抗压强度的预测模型。书中内容采用试验研究、理论分析、微观结构分析等研究方法, 可为开展相关研究提供参考和借鉴。 |
| ● |
| 相关链接 |
|
|
|
正题名:大温差环境下混凝土性能研究
索取号:TU528/S560
 
预约/预借
| 序号 | 登录号 | 条形码 | 馆藏地/架位号 | 状态 | 备注 |
| 1 | 1625681 | 216256815 | 建筑库201/ [索取号:TU528/S560] | 在馆 |